000 00312nam a22001337a 4500
008 181105b xxu||||| |||| 00| 0 eng d
020 _a0878572708
041 _aeng
080 _a612.39
100 _a10
101 _aNUT
245 _aDr. Wright's Books of Nutritional Therapy
_cWright, J.V
942 _2udc
_cBK
999 _c51864
_d51864